| 000 | 00838nam a2200277 i 4500 | ||
|---|---|---|---|
| 001 | 2711257 | ||
| 003 | OSt | ||
| 005 | 20150702163317.0 | ||
| 008 | 760430s1975 ug b 001 0 eng | ||
| 010 | _a 76360307 | ||
| 040 |
_aDLC _cDLC _dDLC |
||
| 043 | _afe----- | ||
| 050 | 0 | 0 | _aLAW |
| 082 | 0 | 0 | _a340.5 HAR |
| 100 | 1 |
_aHarvey, William Burnett, _d1922- _9476 |
|
| 245 | 1 | 0 |
_aIntroduction to the legal system in East Africa / _cWilliam Burnett Harvey. |
| 260 |
_aKampala : _bEast African Literature Bureau, _c1975. |
||
| 300 |
_axxxiii, 902 p. ; _c26 cm. |
||
| 500 | _aIncludes index. | ||
| 504 | _aBibliography: p. [899]-902. | ||
| 650 | 0 |
_aLaw _zAfrica, East. _9477 |
|
| 650 | 0 |
_aLaw _zAfrica, East _xCases. _9478 |
|
| 740 | _aLegal system in East Africa. | ||
| 906 |
_a7 _bcbc _corignew _d2 _encip _f19 _gy-gencatlg |
||
| 942 |
_2ddc _cBK |
||
| 999 |
_c167 _d167 |
||